[Event "World-ch Tournament"]
[Site "Mexico City"]
[Date "2007.09.27"]
[Round "12"]
[White "Aronian, Levon"]
[Black "Gelfand, Boris"]
[Result "0-1"]
[WhiteElo "2750"]
[BlackElo "2733"]
[Annotator "Marin,M"]
[PlyCount "80"]
[EventDate "2007.09.13"]
[EventType "tourn"]
[EventRounds "14"]
[EventCountry "MEX"]
[EventCategory "21"]
[SourceTitle "CBM 120"]
[Source "ChessBase"]
[SourceDate "2007.10.02"]
[SourceVersion "1"]
[SourceVersionDate "2007.10.02"]
[SourceQuality "1"]

1. d4 d5 2. c4 c6 {By choosing a Slav move order, Gelfand avoids Aronian's
unusual setup from his earlier game against Grischuk. Al eligir el orden de
jugadas de Eslava, Gelfand evita enfrentarse con el experimento de Aronian en
su partida anterior con Grischuk.} 3. Nf3 Nf6 4. Nc3 e6 5. Bg5 h6 6. Bxf6 Qxf6
7. e3 Nd7 8. Bd3 dxc4 ({A curious moment. This early release of the tension in
the centre is only apparently a concession. In the first round game
Kramnik-Svidler, Black played Un momento curioso. Este cambio temprano es solo
aparentemente una concesión. En la partida Kramnik-Svidler de la primera ronda,
las negras jugaron} 8... g6 {, which offered White the additional possibility
of winning space in the centre with , que ofreció a las blancas la posibilidad
adicional de ganar espacío en el centro con} 9. e4 dxc4 10. e5 $1 Qe7 11. Bxc4)
9. Bxc4 g6 10. O-O ({Now, Ahora,} 10. e4 {can always be met by puede siempre
ser contestada con} e5 $1) 10... Bg7 11. Rc1 O-O 12. Ne4 Qe7 13. Bb3 Rd8 (13...
b6 {has been tried in a few games and is considered to offer White chances for
an advantage after} 14. Ba4 {, although practice has not sustained this point
of view.} ({It is possible to justify the retreat of the bishop by employing a
pseudo-attacking plan:} 14. h4 Bb7 15. h5 g5 16. Ng3 Rad8 17. Bc2 c5 18. Qd3 {
However, it is not clear what the queen's rook is doing on c1, while Black's
development is very harmonious..} f5 19. Qa3 a5 $15 {Ragozin,E (2475)-Neverov,
V (2541)/St Petersburg 2000/CBM 076 (1-0, 79)}) 14... c5 (14... Ba6 15. Bxc6
Bxf1 16. Bxa8 Bxg2 17. Kxg2 Rxa8 18. Qa4 Nf6 19. Nxf6+ Bxf6 20. Qc6 Rd8 21. Rc4
$14 {Moiseenko,A (2582)-Sedlak,N (2423)/Aviles 2000/CBM 077 ext (1/2-1/2, 30).
White's better control in the centre, his stability on the light squares and
the control of the only open file make the position theoretically better for
him, but Black is solid and in case of a break with ...e5 his bishop could
become active.}) 15. Bc6 Rb8 16. Qa4 Bb7 (16... Nf6 17. Rfd1 cxd4 18. Nxd4 Nxe4
19. Bxe4 Bxd4 20. exd4 Rd8 21. Rc3 a5 22. Qc2 $14 {Moiseenko,A (2573)
-Borovikov,V (2472)/Ordzhonikidze 2000/CBM 078 (1/2-1/2, 56). For once,
White's advantage, though minimal, is real here. He is better developed while
the enemy king is slightly vulnerable.}) 17. Bxb7 Rxb7 18. dxc5 bxc5 19. b3 {
White has conquered the c4-square for his pieces, but Black is well
coordinated.} f5 20. Ned2 g5 {It appears that White's stability on the light
squares is questionable.} 21. Rfd1 g4 $132 {Lutz,C (2550)-Knaak,R (2525)/
Baden-Baden 1992/CBM 033 (1/2-1/2, 44)}) 14. Qc2 {Aronian has chosen a rarely
seen setup, with his knight in front of the e-pawn, which deprives him of the
possibility of winning space in the centre. White's philosophy in the current
position is to prevent Black from completing his development or freeing his
position with the thematic ...c5 or ...e5, rather than starting active
operations himself. Aronian escogió un sistema de desarrollo bastante poco
frecuente, basado en colocar el caballo en frente del peón de e3, impediendo
así una futura conquísta de espacío en el centro. La filosofía de las blancas
en esta posición se basa en primer lugar en impedir el desarrollo de las
negras y la realisación de las rupturas temáticas ...c5 o ...e5 y en menor
medida en mejorar su propría posición de forma rápida.} e5 {Black usually
shies away from this move, preferring to jump with his knight to f6 or b6.
Normalmente, las negras se abstienen de esta jugada, prefiriendo un salto de
caballo a b6 o f6.} (14... Nf6 15. Nc5 $14 {Dautov,R (2620)-Dreev,A (2670)/
Reggio Emilia 1996/CBM 051/[Dautov] (0-1, 60)}) 15. Rfe1 {A subtle move. White
discourages the exchange on d4, which would leave the black queen vulnerable
after exd4. Una jugada sútil. Las blancas quíeren quitar a las negras las
ganas de comer en d4, que, después de exd4, dejaría a la dama negra incómoda
en la misma columna con la torre blanca.} Kh8 {Less subtle, but very strong.
Black threatens the brutal ...f5. Menos sútil, pero muy fuerte. Las negras
crean la brutal amenaza ...f5.} (15... Kh7 $2 {is worse because of} 16. Bxf7)
16. g4 $5 {It is hard to give a final evaluation of this exotic move, since it
almost surely formed part of Aronian's preparation. It also bears strong
similarity with the advance of the g-pawn from his aforementioned game against
Grischuk. I get the feeling that, having been deprived of the possibility of
playing Nbd2!? in the opening, Aronian "transposed" to the familiar territory
with his last move. Anyway, White's main idea is the same: to ensure some
stability for the knights. However, there is a significant difference compared
to the previous game: Black's kingside structure is more flexible because the
g-pawn is on g6 instead of g5. This is clearly in Black's favour, since
White's kingside position remains shaky. Es difícil dar una evaluación
definitiva a esta jugada algo exótica, especialmente que, casi seguramente,
formaba parte de la preparación casera de Aronian. Notamos cierta similitud
con el avance del mismo peón en la partida anterioremnte mencionada contra
Grischuk. me da la sensación que, al no haber tenido la posibilidad de repetir
el experimento con Cbd2!? en la apertura, Aronian "transpuso" a un teritorío
familiar con su última jugada. De toda forma, la idea de las blancas es la
misma: asegurar estabilidad de los caballos en casillas blancas. Sin embargo,
hay una esencíal diferencía con respecto a dicha partida: la estructura de las
negras en el flanco de rey es más flexible, porque el peón de g se encuentra
en g6 en vez de g5. Este detalle favorece a las negras, porque la posición de
las blancas en el centro y en el flanco de rey queda bastante inestable.} ({
Previously,} 16. Ned2 {had been played. I must say, this is not a shattering
move.} Re8 ({Now that there is no danger of a fork on g5, Black can simply
improve his position with} 16... Kh7 $5 {, when it would be difficult for
White to prove an active plan.}) 17. Nc4 e4 18. Nfe5 Nxe5 19. dxe5 Be6 (19...
f5 $5 20. exf6 Qxf6 21. Red1 Bf5 22. Nd6 Re7 $13) 20. Nd6 (20. Qxe4 $1 Bxc4 21.
Qxc4 {[%csl Gf7]}) 20... Bxb3 21. Qxb3 Rf8 22. Qxb7 Qxb7 23. Nxb7 Rab8 24. Na5
Rxb2 $11 {Roiz,M (2507)-Farakhov,R (2317)/Pardubice 2002/CBM 089 ext (1/2-1/2,
40)}) 16... Rf8 $1 {After the radical weakening of White's kingside, the rook
changes plans. From f8, it defends the f7-pawn, enabling ...Nb6, which attacks
the g4-pawn, while also supporting an eventual advance of the f-pawn to f5.
Después de la debilitación del flanco de rey blanco, la torre cambía sus
intenciones. Desde f8, sobredefiende el peón de f7, para habilitar ...Nb6, que
atacaría el peón de g4 y sosteniendo el avance del peón f al mismo tiempo.} 17.
g5 $6 ({This new advance of the g-pawn will fail to stabilize the position.
Maybe it was time to think about safety with Este nuevo avance del peón de g
no conseguírá estabilizar el flanco de rey. tal vez era el momento de jugar
seguro con} 17. Ng3) 17... f5 $1 {I suppose that Aronian underestimated this
move. From structural point of view, it does not seem to make sense, but a
closer look at the position reveals the merits of Gelfand's decision. The
e5-pawn will remain isolated now, but in fact it is not a weak pawn (as would
be the case if the d4-pawn would be on d5 and the c6-pawn on c5). Also, the
e4-knight will not become more stable (refer to the same hypothetical
situation for comparison). Finally, the pressure exerted by the f8-rook
against the white kingside will be very annoying.} ({Aronian might have
expected} 17... hxg5 {when after} 18. Nexg5 {[%cal Yc2e4,Ye4h4]} Bh6 (18... f5
19. Ne6 $1) 19. h4 {White is not without ideas.}) 18. gxf6 Bxf6 ({This looks
slow, but} 18... Nxf6 {would lose a pawn to} 19. Nxe5 {, because the pinning
move} Bf5 {is not dangerous in view of} 20. Qc5 $1) 19. Kg2 Bg7 20. h4 $6 {
Strategically correct, but, with queens on the board, very risky.
Estrategicamente corecto, pero con damas en el tablero - muy arriesgado.} ({
White cannot stabilize the position in the centre with} 20. d5 $2 {because of}
cxd5 21. Bxd5 Nb6 $40 {[%cal Yc8g4,Yf8f3]}) ({Here, too} 20. Ng3 {looks like a
safer choice.}) 20... Nb6 $1 {The turning point in the game. Gelfand was
approaching time trouble, but the investment of time in the previous phase of
the game was fully justified, as Black has the better position already.} 21.
dxe5 $2 ({It seems that after this move White's game cannot be saved anymore.
Parece que después de esta jugada las blancas no pueden salvarse ya.} 21. Nxe5
{would have been a lesser evil. hubiera sido un menor mal.}) 21... Bg4 ({
Not a bad move, but No es una mala jugada, pero parece que} 21... Rxf3 $1 {
seems to have been decisive, too: hubiera ganado, también:} 22. Kxf3 Bf5 23.
Kg2 {The only way to get out of the nasty pin. La única forma de intentar
desclavarse.} Qxh4 24. f4 {and now, Black has y ahora las negras tienen} Nd7 {
, when White's poor coordination prevents him from parrying such a simple
threat as ...Nxe5, when Black's attack will take on decisive proportions. ,
cuando la mala coordinación de las blancas les impide parar la sncilla amenaza
...Nxe5, con ataque ganador.}) 22. Ned2 Nd7 23. e6 ({This makes it easier for
Black, who can win with normal moves. Esta jugada simplifica la taréa de las
negras, que ganarán con jugadas sencillas.} 23. Qxg6 {would have been more
demanding. White threatens Bc2, but Black is the first to deliver decisive
blows: hubiera requierido un juego algo más preciso de las negras. La amenaza
directa es Bc2, pero las negras se adelantan con su ataque:} Nxe5 24. Nxe5
Rxf2+ $1 25. Kxf2 Qxh4+ 26. Kg1 Bxe5 27. Nf1 Rf8 {Threatening ...Qf2+ or ...
Rxf1+, followed by mate. Amenazando ...Qf2+ o ...Rxf1+ con mate.} 28. Rc2 Bf3
29. Rg2 {Apparently, White has defended, but the next move shatters the
illusion. Aparentemente, las blancas se han defendido, pero después de la
siguíente jugada se esfumarán las ilusiones.} Be4 $1 {White has no adequate
way to keep the rook defended. For instance, Las blancas no tienen a
disposición un modo adecuado de mantener a la torre de g2 defendida. Por
ejemplo,} 30. Qg4 {loses the queen to perdería la dama por} Bh2+ $1 31. Kh1 (
31. Nxh2 {leads to mate after llevaría al mate después de} Qxe1+ 32. Nf1 Rxf1+
33. Kh2 Rh1#) 31... Qxg4 $1) 23... Ne5 $1 24. Nh2 (24. Nxe5 Rxf2+ 25. Kxf2
Qxh4+ 26. Kg2 (26. Kg1 Qg3+) 26... Bxe5) 24... Qxh4 {Around this moment,
Gelfand must have felt like in the good old days, when the King's Indian was
his main weapon against 1.d4. White is under decisive attack and he does not
even have a material advantage to offer him some Platonic consolation... [#]
Alrededor de este momento, Gelfand debe de haberse sentido como en los viejos
buenos tiempos, cuando la India de Rey era su principal arma contra 1.d4.} 25.
f4 Bf5 26. Ne4 Qh3+ 27. Kg1 Nf3+ 28. Nxf3 Qxf3 29. Ng5 hxg5 30. Qh2+ Qh5 31.
Qxh5+ gxh5 32. e7 Rfe8 33. Rc5 Bg4 34. Rxg5 Rxe7 35. Kg2 Bf6 36. Rg6 Rf8 37. e4
Bf5 38. Rh6+ Kg7 39. Rxh5 Bxe4+ 40. Kh2 Bd5 0-1

[Event "Olympiad-37"]
[Site "Turin"]
[Date "2006.06.04"]
[Round "13"]
[White "Agrest, Evgenij"]
[Black "Kulaots, Kaido"]
[Result "1-0"]
[WhiteElo "2570"]
[BlackElo "2557"]
[Annotator "Marin,M"]
[PlyCount "57"]
[EventDate "2006.05.21"]
[EventType "team-swiss"]
[EventRounds "13"]
[EventCountry "ITA"]
[SourceTitle "CBM 113"]
[Source "ChessBase"]
[SourceDate "2006.07.31"]
[SourceVersion "1"]
[SourceVersionDate "2006.07.31"]
[SourceQuality "1"]
[WhiteTeam "Sweden"]
[BlackTeam "Estonia"]
[WhiteTeamCountry "SWE"]
[BlackTeamCountry "EST"]

1. c4 Nf6 2. Nc3 e6 3. Nf3 d5 4. d4 c6 5. Bg5 h6 6. Bh4 dxc4 7. e4 g5 8. Bg3 b5
9. Be2 Bb7 10. O-O Nbd7 11. Ne5 Bg7 12. Nxd7 Nxd7 13. Bd6 a6 14. Bh5 ({Agrest
had some recent experience with this position. His previous game continued in
no less spectacular way than the game from Turin:} 14. e5 c5 15. Bh5 Bf8 16. d5
Bxd6 17. Bxf7+ Kxf7 18. dxe6+ Kg7 19. exd6 Ne5 20. f4 Nd3 21. Qh5 Qf6 22. f5
Nf4 {0-1 Agrest,E (2591)-Vallejo Pons,F (2650)/Asnieres sur Seine FRA 2006/
TWIC 600 (37) and Black managed to consolidate.}) 14... e5 15. f4 {The
attacking sequence starting with this move is characteristic for the romantic
style of the King's Gambit.} gxf4 16. dxe5 Bxe5 17. Bxf7+ Kxf7 18. Qh5+ Ke6 19.
Rad1 Bxd6 20. Qg4+ Ke7 21. Qg7+ Ke6 22. Ne2 c5 23. Nxf4+ Bxf4 24. Rxf4 Rf8 25.
Rxf8 Nxf8 26. Rxd8 Rxd8 27. Qxb7 Rd1+ 28. Kf2 Rd2+ 29. Kg3 1-0

[Event "EU-ch 15th"]
[Site "Yerevan"]
[Date "2014.03.13"]
[Round "10"]
[White "Navara, David"]
[Black "Perunovic, Milos"]
[Result "1-0"]
[WhiteElo "2700"]
[BlackElo "2617"]
[Annotator "Marjanovic,S"]
[PlyCount "97"]
[EventDate "2014.03.03"]
[EventType "swiss"]
[EventRounds "11"]
[EventCountry "ARM"]
[SourceTitle "CBM 160"]
[Source "ChessBase"]
[SourceDate "2014.05.15"]
[SourceVersion "1"]
[SourceVersionDate "2014.05.15"]
[SourceQuality "1"]

1. d4 d5 2. c4 c6 3. Nf3 Nf6 4. Nc3 e6 5. Bg5 h6 6. Bxf6 ({The Anti-Moscow
Variation} 6. Bh4 dxc4 7. e4 g5 8. Bg3 b5 9. Be2 Bb7 {is one of the most
difficult variation, because White has to prove that he has adequate
compensation for the sacrificed pawn. This variation has been played by the
strongest grandmasters of the world. The following game is good example of the
statement above.} 10. O-O ({Many games were played with} 10. Qc2) (10. e5) (10.
Ne5) ({and the most popular} 10. h4) 10... Nbd7 11. Ne5 Bg7 12. Nxd7 Nxd7 13.
Bd6 a6 14. a4 b4 (14... e5 $5 {with an unclear position}) 15. Bxb4 (15. Nb1 Nf6
16. e5 Ne4 17. Bxb4 c5 18. dxc5 Bxe5 19. Na3 Qc7 20. Nxc4 Bxh2+ 21. Kh1 Rd8 22.
Qe1 (22. Qb3 $6 Qf4 23. Qf3 Qh4 24. Qg4 Nxf2+ 25. Rxf2 Qxf2 26. c6 $2 (26. Rf1
Qg3 27. Nd6+ Rxd6 28. Qxg3 Bxg3 29. cxd6 Bf4 30. Bf3 Kd7 31. Bxb7 Rb8 32. g3
Rxb7 33. Bc3 Bxg3 34. Rxf7+ Kc6 35. Rf6 Kxd6 36. Rxh6 $17) 26... Bxc6 $19 27.
Rf1 Qg3 28. Qxg3 Bxg3 29. Bh5 Rd4 30. Bxf7+ Kd7 31. Bc3 Rh4+ 32. Kg1 Bh2+ 33.
Kf2 Rf4+ {0-1 (33) Van Wely,L (2693)-So,W (2706) Hoogeveen 2013}) 22... Rd4 23.
Ba5 Qf4 24. Ra3 g4 25. Rd3 Rxd3 26. Bxd3 Nxc5 $15) 15... Qb6 16. Ba3 Qxd4 17.
Qc2 c5 18. Rad1 Qe5 19. Bxc4 Qc7 $11) 6... Qxf6 7. Qb3 {The second possibility}
({The main line in the Moscow Variation is} 7. e3 Nd7 8. Bd3 dxc4 9. Bxc4 g6
10. O-O Bg7 {where Black has to play very precisely in order to equalise}) 7...
a5 {This weakens the b6-square. with the pawns We have to play with the pawns
only if it is necessary (especially in openings)!} ({7...dxc4 has been played
more often, or 7...Nbd7} 7... dxc4 8. Qxc4 Nd7 9. Rd1 (9. g3 e5 $1) 9... g6 (
9... Qe7 10. a3 g6 11. e4 e5 12. d5 Nb6 13. Qb3 Bg7 14. Be2 O-O 15. O-O Bd7 (
15... cxd5 16. exd5 Bf5 17. d6 Qf6 $11) 16. dxc6 (16. d6) 16... bxc6 17. Qc2
Rfb8 18. Nd2 a5 19. Rb1 h5 20. Nc4 Be6 21. Nxb6 (21. Na4) 21... Rxb6 22. Qc1 a4
23. Nd1 Ra5 24. Qd2 Ra7 25. Qc1 Ra5 26. Qd2 Ra7 27. Qc1 {1/2-1/2 (27) Le Quang,
L (2693)-Kasimdzhanov,R (2684) Istanbul 2012}) (9... Be7 10. g3 (10. e3) 10...
O-O (10... e5) 11. Bh3 Qg6 12. O-O Qc2 (12... Qh5) 13. Rd2 Nb6 14. Rxc2 Nxc4
15. Ne4 Nb6 16. Ne5 Rd8 17. e3 $14 {1/2-1/2 (40) Navara,D (2700)-Motylev,A 
(2656) Yerevan ARM 2014; with a small advantage for White.}) 10. g3 Bg7 11. Bg2
(11. Bh3 $5) 11... O-O 12. Qb3 Qe7 (12... e5 13. d5) 13. O-O b6 14. e3 Bb7 15.
Nd2 Nf6 16. Rc1 Rfd8 17. Rfd1 Rac8 18. Nc4 (18. Qa4 $13) 18... c5 19. Bxb7 Qxb7
20. dxc5 Rxd1+ 21. Qxd1 Rxc5 $15 22. b3 Qc6 23. Qd6 Nd5 (23... Qf3 $15) 24.
Qxc6 Rxc6 25. Ne2 b5 26. Nd2 Ra6 27. Rc8+ Kh7 28. Nc1 Nc3 29. Kf1 Nxa2 30. Nxa2
Rxa2 31. Ne4 a5 (31... g5 $15) 32. Rc7 Rb2 $6 33. Rxf7 Rxb3 34. Ra7 a4 $2 (
34... g5) 35. Nf6+ Kh8 36. Ra8+ Bf8 37. Nd7 $18 {1-0 (43) Ivanchuk,V (2746)
-Navara,D (2654) Prague 2009}) (7... Nd7 8. e4 dxe4 9. Nxe4 Qf4 10. Bd3 e5 11.
O-O Be7 12. Rfe1 exd4 13. Bc2 O-O 14. Qd3 (14. Nxd4 Nc5 15. Qc3 Nxe4 16. Rxe4
Qc7 $11) 14... g6 $1 (14... f5 15. Ng3 Nc5 16. Qd1 (16. Qa3 $14) 16... d3 (
16... Qc7) 17. Rxe7 dxc2 18. Qxc2 Qd6 19. Re5 Qd3 20. Qc1 (20. Qd1) 20... b6
21. b4 Ne4 22. Qb2 Qc3 23. Qxc3 Nxc3 24. Nd4 f4 25. Ne4 Nxe4 26. Rxe4 Bd7 27.
h4 a5 {1/2-1/2 (27) Navara,D (2705)-Ponomariov,R (2731) Lysa nad Labem CZE 2014
}) 15. Qxd4 Nc5 $11) 8. e3 $1 {In my opinion, better than 8.a3 or 8.e4} Nd7 ({
Black does not equalise, not even after} 8... a4 9. Nxa4 (9. Qc2 a3) 9... dxc4
10. Bxc4 b5 11. Bxb5 cxb5 12. Nb6 Qd8 13. Nxa8 Qa5+ 14. Nd2 Bd7 15. d5 Qxa8 (
15... b4 16. e4 $14) 16. dxe6 fxe6 17. O-O Be7 18. Nf3 Bf6 19. Rac1 (19. Rfd1
Qa4 20. Qxa4 bxa4 21. Nd4 $14) 19... O-O (19... Qa4 20. Qxa4 bxa4 21. Rc7 O-O
22. b4 axb3 23. axb3 $14) 20. Rfd1 Kh8 21. Rc7 Rd8 (21... Bc8 $2 {0-1 (48)
Tikkanen,H (2544)-Perunovic,M (2613) Warsaw 2013}) 22. h3 $14) 9. Bd3 Bd6 10.
O-O O-O $146 {A novelty} ({After} 10... Qe7 {White stands slighty better} 11.
c5 (11. e4 dxc4 12. Bxc4 e5 13. d5 (13. dxe5 Nxe5 14. Nxe5 Bxe5 15. f4 a4 (
15... Bd4+ {0-1 (39) Danielian,O (2455)-Guliev,S (2470) Moscow 1995}) 16. Bxf7+
Kf8 17. Nxa4 Bd4+ 18. Kh1 b5 $17) 13... O-O 14. dxc6 bxc6 15. Na4 Rb8 16. Qe3
Nf6 $11) (11. a3 $5 O-O 12. Rfe1 $14) 11... Bc7 12. e4 dxe4 13. Bxe4 O-O 14.
Rfe1 $14) 11. Rfe1 Bc7 12. Rad1 Qe7 13. a3 $14 {White has a small advantage.}
dxc4 14. Qxc4 e5 15. Ne4 {An imprecision.} ({A better try is} 15. Bb1 Re8 (
15... Nf6 16. Nxe5 Bxe5 17. dxe5 Qxe5 18. Qd4 Qxd4 19. Rxd4 $14) 16. h3 $14) ({
or} 15. Bc2 Re8 (15... Nf6 16. Nxe5 Bxe5 17. dxe5 Qxe5 18. Qd4 (18. Rd4 $14)
18... Qxd4 19. Rxd4 $14) 16. Qd3 $14) 15... Re8 ({Black has missed an
opportunity to equalise:} 15... Nb6 $1 16. Qc5 Qxc5 17. Nxc5 exd4 18. exd4 (18.
Nxd4 g6) 18... Rd8 $11) 16. Qc2 Nf6 (16... Bb8 17. Bc4 $14) 17. Nxf6+ Qxf6 18.
d5 $14 {And White has (at least) a small advantage.} Qe7 (18... Bd7 19. Bh7+
Kh8 20. Be4 $14) 19. Bh7+ Kh8 20. Be4 c5 (20... cxd5 21. Rxd5 $1 Be6 (21... Rb8
22. Rc5 Bd6 23. Rxa5 $14) 22. Rb5 Rab8 23. Rxb7 (23. Nxe5 Bxe5 24. Rxe5 $14)
23... Rxb7 24. Bxb7 $14) 21. Nd2 Bd6 (21... a4 22. Rc1 Ra5) 22. a4 g6 (22...
Bd7) 23. Bd3 f5 (23... Bd7) 24. Bb5 Rd8 25. Nc4 $16 {White has the upper hand.}
Qc7 ({After} 25... e4 26. Rc1 Qc7 27. Nxd6 Rxd6 28. Qxc5 Qxc5 29. Rxc5 {
White has a pawn more, with good chances to try to win the ending.}) 26. Qc3
Kh7 27. f4 e4 28. Qf6 b6 29. Ne5 Rg8 30. Qf7+ $1 {In a better position White
found a way to push forward his d-pawn.} (30. Nf7 Be7 31. Qe5 Qxe5 32. Nxe5 $16
) (30. Nc4 Rd8 31. h4 $16) (30. Re2 Qd8 31. Qxd8 Rxd8 32. Nf7 Bb7 $16) 30...
Qxf7 31. Nxf7 Bf8 32. d6 Be6 33. Ne5 (33. d7 Be7 34. Ne5 $16) 33... Rd8 34. d7
Rg7 35. Rd2 g5 $6 {A dubious move.} ({It was better} 35... Be7 36. Red1 Bb3 37.
Rf1 $16) ({or} 35... c4 36. Red1 Bc5 37. Rd6 $16) 36. Red1 ({White wins after} 
36. fxg5 $1 c4 (36... hxg5 37. g4 $18) 37. Red1 Bc5 (37... hxg5 38. Bxc4 $18)
38. Rd6 Re7 (38... Bxe3+ 39. Kh1 Re7 40. Bxc4 $18) 39. Kf2 $18) 36... gxf4 37.
exf4 e3 (37... c4 38. g3 Bc5+ 39. Kf1 $16) (37... h5 38. Kf2 $16) 38. Re2 c4 {
The final inaccuracy.} (38... Bb3 39. Rde1 (39. Rc1 c4 40. Rc3) 39... c4 40.
Rxe3 Bc5 41. Kf1 Bxe3 42. Rxe3 $16) 39. Rxe3 Bc5 40. Kf2 $18 {White has a
decisive advantage.} Bxe3+ 41. Kxe3 Rxg2 (41... h5 42. Rd6 Bg8 43. g3 $18) 42.
Rd6 Bxd7 43. Bxd7 Kg7 44. Rxb6 Rxh2 45. Bxf5 Rdd2 46. Rb7+ Kf8 47. Rf7+ Ke8 48.
Bg6 Rxb2 49. Rh7+ 1-0